| 000 | 00683nam a22002177a 4500 | ||
|---|---|---|---|
| 003 | SISC | ||
| 005 | 20160215155306.0 | ||
| 008 | 130830t xxu||||| |||| 00| 0 eng d | ||
| 020 | _a9718798013 | ||
| 050 |
_aQL 544.2 _b.D362 1995 |
||
| 082 |
_aHS 808.5 _bD37 1991 |
||
| 100 |
_aDelos Reyes, Rodolfo A. _915770 |
||
| 245 |
_aSpeak with butterflies : _blearn and laugh your way to effective business presentations / _cRodolfo "Dups" A. Delos Reyes. |
||
| 260 |
_aS.I. : _bProsec, Inc, _cc1991. |
||
| 300 |
_a232 p. : _bill. ; _c20 cm. |
||
| 500 | _aincludes index. | ||
| 650 |
_aguidebook _xpublic speaking _915771 |
||
| 942 |
_2lcc _cBK |
||
| 999 |
_c10023 _d10023 |
||